Fundamentals of real analysis.
Bewaard in:
| Hoofdauteur: | |
|---|---|
| Formaat: | Boek |
| Taal: | Engels |
| Gepubliceerd in: |
New York, USA:
Springer,
1999.
|
| Onderwerpen: | |
| Tags: |
Voeg label toe
Geen labels, Wees de eerste die dit record labelt!
|
MARC
| LEADER | 00000cam a2200000 a 4500 | ||
|---|---|---|---|
| 001 | UCF9606 | ||
| 003 | CL-VaPUC | ||
| 005 | 20250221122429.0 | ||
| 008 | 131129e19990000us |||||||||||||||||eng|d | ||
| 999 | |c 354048 |d 354046 | ||
| 020 | |a 9780387984803 | ||
| 040 | |c Pontificia Universidad Católica de Valparaíso | ||
| 082 | 0 | 4 | |a 515.8 BER 1999 |2 21 |
| 100 | 0 | |a Berberian, Sterling K |e author |9 571988 | |
| 245 | 1 | 0 | |a Fundamentals of real analysis. |
| 260 | |a New York, USA: |b Springer, |c 1999. | ||
| 300 | |a 479 páginas. | ||
| 583 | |a last modification |c 20131129 12:34:00 |k Rodrigo Vera | ||
| 650 | 0 | |a Matemática |9 260235 | |
| 650 | 0 | |a Análisis matemático |9 260146 | |
| 650 | 0 | |a Funciones de variables reales |9 304566 | |
| 942 | |c BK |2 ddc | ||
| 945 | |d 20131129 12:34:00 |a dcastane | ||
| 952 | |0 0 |1 0 |2 ddc |3 erb |4 0 |6 515_800000000000000_BER_1999 |7 0 |8 A |9 459680 |a BIBMAT |b BIBMAT |i 5031435 |o 515.8 BER 1999 |p 5031435 |r 2025-01-07 |w 2019-11-23 |y BK |z Catalogado en:20131129 |k MAT | ||